Juan Fernández. Historia verdadera de la isla de Robinson Crusoe

Guardado en:
Detalles Bibliográficos
Autor principal: Vicuña Mackenna, Benjamín, 1831-1886 (Autor)
Formato: Libro
Lenguaje:español
Publicado: Valparaíso Ediciones Universitarias de Valparaíso 1974
Edición:1a. ed
Colección:Serie de ediciones Facsimilares
Materias:
Etiquetas: Agregar Etiqueta
Sin Etiquetas, Sea el primero en etiquetar este registro!

MARC

LEADER 00000cam a2200000 a 4500
001 UCJ3899
003 CL-VaPUC
008 070124e19741000CL |||||||||||||||||spa|d
082 0 4 |a 983.25  |b VIC  |2 21 
100 |a Vicuña Mackenna, Benjamín,  |d 1831-1886  |x Político e historiador   |z Chile   |e author  |9 374 
245 1 0 |a Juan Fernández. Historia verdadera de la isla de Robinson Crusoe 
250 |a 1a. ed 
300 |a 2 v 
942 |c BK 
945 |d 20070124 00:00:00  |a rinostro 
260 |a Valparaíso  |b Ediciones Universitarias de Valparaíso  |c 1974 
500 |a v.1: pág. 1, retrato de Vicuña Mackenna; p. 100, plano topográfico de la isla de Juan Fernández levantado en marzo de 1876 
500 |a v.2: p. 574, fotografía del divisadero de Alejandro Selkirk 
500 |a Facsímil de la edición de Rafael Jover, Santiago de Chile 1883 
500 |a Presentación histórica de Luis Olivares Molina 
500 |a O.F.M. Noticia bibliográfica por Charles Fischer Bernard 
500 |a Los profesores Olivares Molina y Charles Fischer, fueron miembros de nuestra comunidad universitaria 
650 0 |a Geografía de Chile   |9 268295 
650 0 |a Historia de Chile  |9 265473 
650 0 |a Descubrimientos geográficos  |9 331933 
650 0 |a Historiografía   |9 257871 
650 0 |a Iconografía   |9 267998 
651 0 |a Archipiélago Juan Fernández  |9 261249 
651 7 |a CHILE  |2 CL-VaPUC  |9 506449 
583 |a last modification  |c 20120627 10:10:54  |k Rodrigo Vera 
490 0 |a Serie de ediciones Facsimilares 
999 |c 320018  |d 320016 
952 |0 0  |1 0  |4 0  |6 983_250000000000000_VIC_1974  |7 0  |8 X  |9 398453  |a FDOBUD  |b FDOBUD  |d 2019-11-22  |h v.1  |i 1010697  |o 983.25 VIC 1974  |p 1010697  |r 2019-11-22  |w 2019-11-22  |y BK_X  |k BUD 
952 |0 0  |1 0  |4 0  |6 983_250000000000000_VIC_1974  |7 0  |8 X  |9 398454  |a FDOBUD  |b FDOBUD  |d 2019-11-22  |h v.2  |i 1010689  |o 983.25 VIC 1974  |p 1010689  |r 2019-11-22  |w 2019-11-22  |y BK_X  |k BUD 
952 |0 0  |1 0  |4 0  |6 983_250000000000000_VIC_1974  |7 0  |8 X  |9 398455  |a FDOBUD  |b FDOBUD  |d 2019-11-22  |h v.1  |i 1025023  |o 983.25 VIC 1974  |p 1025023  |r 2019-11-22  |w 2019-11-22  |y BK_X  |k BUD 
952 |0 0  |1 0  |4 0  |6 983_250000000000000_VIC_1974  |7 0  |8 X  |9 398456  |a FDOBUD  |b FDOBUD  |d 2019-11-22  |h v.2  |i 1025031  |o 983.25 VIC 1974  |p 1025031  |r 2019-11-22  |w 2019-11-22  |y BK_X  |k BUD 
952 |0 0  |1 0  |4 0  |6 983_250000000000000_VIC_1974  |7 0  |8 P  |9 398457  |a BIBEDU  |b BIBEDU  |c BIBEDU_PB  |d 2019-11-22  |h v.1  |i 1587714  |o 983.25 VIC 1974  |p 1587714  |r 2024-01-25  |w 2019-11-22  |y BK  |k FIL 
952 |0 0  |1 0  |4 0  |6 983_250000000000000_VIC_1974  |7 0  |8 P  |9 398458  |a BIBEDU  |b BIBEDU  |c BIBEDU_PB  |d 2019-11-22  |h v.2  |i 1587722  |o 983.25 VIC 1974  |p 1587722  |r 2024-01-25  |w 2019-11-22  |y BK  |k FIL 
952 |0 0  |1 0  |4 0  |6 983_250000000000000_VIC_1974  |7 0  |8 A  |9 398459  |a BIBING  |b BIBING  |d 2019-11-22  |h v.1  |i 1641271  |o 983.25 VIC 1974  |p 1641271  |r 2025-01-20  |w 2019-11-22  |y BK  |k GEO 
952 |0 0  |1 0  |4 0  |6 983_250000000000000_VIC_1974  |7 0  |8 A  |9 398460  |a BIBING  |b BIBING  |d 2019-11-22  |h v.2  |i 1641956  |o 983.25 VIC 1974  |p 1641956  |r 2025-01-20  |w 2019-11-22  |y BK  |k GEO 
952 |0 0  |1 0  |4 0  |6 983_250000000000000_VIC_1974  |7 0  |8 P  |9 398461  |a BIBARQ  |b BIBARQ  |d 2019-11-22  |h v.1  |i 3222802  |l 1  |m 1  |o 983.25 VIC 1974  |p 3222802  |r 2025-01-20  |s 2024-08-16  |w 2019-11-22  |y BK  |k ARQ 
952 |0 0  |1 0  |4 0  |6 983_250000000000000_VIC_1974  |7 0  |8 P  |9 398462  |a BIBARQ  |b BIBARQ  |d 2019-11-22  |h v.2  |i 3222810  |l 1  |m 1  |o 983.25 VIC 1974  |p 3222810  |r 2025-01-20  |s 2024-08-16  |w 2019-11-22  |y BK  |k ARQ 
952 |0 0  |1 0  |4 0  |6 983_250000000000000_VIC_1974  |7 0  |8 X  |9 398463  |a FDOBUD  |b FDOBUD  |d 2019-11-22  |h v.2  |i 4835115  |o 983.25 VIC 1974  |p 4835115  |r 2019-11-22  |w 2019-11-22  |y BK_X  |k BUD